00211nam a2200085Ia 4500008004100000100001800041245002700059260003000086260000900116170620s9999 xx 000 0 und d aSharma- A. R. 0aEducational Technology bAgra- Vinod Pustak Mandir c1991